La Armada nacional y la dictadura militar: Memorias del último Director General de la Armada
Enregistré dans:
| Auteur principal: | |
|---|---|
| Format: | Livre |
| Langue: | espagnol |
| Publié: |
Santiago
Dirección General de Prisiones, Taller de imprenta
1932
|
| Édition: | 1a. ed |
| Sujets: | |
| Tags: |
Ajouter un tag
Pas de tags, Soyez le premier à ajouter un tag!
|
MARC
| LEADER | 00000nam a2200000 a 4500 | ||
|---|---|---|---|
| 001 | UCJ3730 | ||
| 003 | CL-VaPUC | ||
| 005 | 20220113074058.0 | ||
| 008 | 070124e19320000CL |||||||||||||||||spa|d | ||
| 999 | |c 319852 |d 319850 | ||
| 040 | |c Pontificia Universidad Católica de Valparaíso | ||
| 082 | 0 | 4 | |a 983 |b MER |2 21 |
| 100 | |a Merino Castro, José Toribio |e autor |9 865093 | ||
| 245 | 1 | 3 | |a La Armada nacional y la dictadura militar: Memorias del último Director General de la Armada |
| 250 | |a 1a. ed | ||
| 260 | |a Santiago |b Dirección General de Prisiones, Taller de imprenta |c 1932 | ||
| 300 | |a 48 p | ||
| 500 | |a Contiene notas manuscritas de Don Eduardo | ||
| 583 | |a last modification |c 20191007 10:21:37 |k Rodrigo Vera | ||
| 600 | 0 | |a Ibáñez del Campo, Carlos |9 308285 | |
| 600 | 0 | 7 | |a BUDGE BARNARD, EDUARDO B |2 CL-VaPUC |9 505135 |
| 650 | 7 | |a MEMORIAS |2 CL-VaPUC |9 269159 | |
| 650 | 0 | |a Presidentes de Chile |9 268293 | |
| 650 | 7 | |a DICTADURA DE IBAÑEZ |2 CL-VaPUC |9 506019 | |
| 650 | 7 | |a CRISIS POLITICAS |2 CL-VaPUC |9 337669 | |
| 942 | |c BK |2 ddc | ||
| 945 | |d 20070124 00:00:00 |a rinostro | ||
| 952 | |0 0 |1 0 |4 0 |6 983_000000000000000_MER_1932 |7 0 |8 X |9 398249 |a FDOBUD |b FDOBUD |d 2019-11-22 |i 1027174 |o 983 MER 1932 |p 1027174 |r 2019-11-22 |w 2019-11-22 |y BK_X |k BUD | ||